| 000 | 00568nam a2200241Ia 4500 | ||
|---|---|---|---|
| 008 | 210210b1977 xxu||||| |||| 00| 0 eng d | ||
| 082 | _a658.1511 KELM | ||
| 100 | _aKELLER (Wayne) | ||
| 245 | _aManagement accounting for profit control Ed 2 | ||
| 250 | _a | ||
| 260 |
_aNew Delhi. _bT M H _c1977 |
||
| 300 | _axvii,744 | ||
| 650 | _aprofit | ||
| 650 | _aManagement | ||
| 650 | _afor | ||
| 650 | _aEd | ||
| 650 | _acontrol | ||
| 650 | _aaccounting | ||
| 650 | _a2 | ||
| 690 | _aManagement Accounting | ||
| 700 | _aFERRARA (William) | ||
| 906 | _aSG01382 | ||
| 999 |
_c112619 _d112619 |
||